000 00499nam a22001697a 4500
003 NUST
038 _aa
082 _aBEE-2 SAA
100 _aSaad Akbar
_993125
245 _aObject manipulation using coordinated multi robot system
260 _aIslamabad
_bNUST-SEECS
_c2014
500 _aSupervisor:Dr. Ammar Hassan
563 _aa
700 _aSaad Akbar, Masoor Ali Khan, Shahroze Humayun Kabir
_993126
856 _uhttp://10.250.8.41:8080/xmlui/handle/123456789/10828
942 _cTHE
_2ddc
999 _c12918
_d12918